00633nam a2200229Ia 45000010006000000050017000060070003000230080041000260200007000670400025000740410008000990820019001071000025001262450064001512500014002152600075002293000028003046530018003326530018003506530019003686530016003871153620240113235315.0ta050812s1958 a g b000 u asm u cHB aCotton College,Assam aasm a954.1bB 469 K aBhuyan, Surya Kumar. 0aKamrupar Buranji /cSuryya Kumar Bhuyan.hTextual Documents a2nd ed. / aGovt. of Assam :bDept. of Historical and Antiquarian Studies ,c1958. a137p. :bill. ;c22cm . aAssam-History aHistory-Assam aHistory-Kamrup aMS-Assamese